|
|
|
|
| LEADER |
00000css a2200000 a 4500 |
| 001 |
49079 |
| 005 |
20230308222229.0 |
| 008 |
003032| ||||||||r|||||||||||spa|| |
| 022 |
|
|
|a 0378-7974
|
| 040 |
|
|
|b spa
|
| 041 |
1 |
|
|a spa
|
| 082 |
0 |
|
|a 805
|b U48r
|
| 110 |
1 |
|
|a Universidad de Puerto Rico
|e Facultad de Humanidades
|
| 245 |
|
|
|a Revista de Estudios Hispánicos
|c Universidad de Puerto Rico
|h imp
|
| 264 |
|
|
|a San Juan
|b Universidad de Puerto Rico
|c 2001
|
| 300 |
|
|
|a 449
|c 25 cm
|
| 362 |
|
|
|a Año XXVIII; no. 1-2 (2001)
|
| 650 |
1 |
|
|a Jimenez juan ramon
|
| 650 |
1 |
|
|a Literatura puertorriqueña
|9 4803
|
| 650 |
1 |
|
|a Literatura hispanoamericana
|9 1638
|
| 650 |
1 |
|
|a Literatura española
|9 218293
|
| 650 |
1 |
|
|a Revista de estudios hispanicos
|9 176262
|
| 852 |
|
|
|a UC-CDJBV
|c TERCER PISO (SECCION REVISTAS)
|f Donación
|k lucia.mora
|l 1
|m General
|p 20030325
|q 2.00
|r 2
|t 49079
|b 0
|d CDRC
|e CDRC
|g 805 U48r TERCER PISO (SECCION REVISTAS)
|z 2003-30-32
|
| 942 |
|
|
|c SER
|
| 999 |
|
|
|c 140093
|d 140093
|